Statistics for European Countries with Most Fish Caught

Click here to take the quiz!

General Stats

  • This quiz has been taken 22 times
  • The average score is 14 of 15

Answer Stats

PlaceCountry% Correct
14Greece
100%
9Italy
100%
3Spain
100%
4United Kingdom
100%
5Denmark
95%
15Finland
95%
6France
95%
10Germany
95%
11Ireland
95%
8Netherlands
95%
1Norway
95%
12Poland
95%
13Sweden
95%
2Iceland
90%
7Turkey
80%

Score Distribution

Percentile by Number Answered

Percent of People with Each Score

Your Score History

You have not taken this quiz